Speciální technologie a materiály /

Gespeichert in:
Bibliographische Detailangaben
1. Verfasser: Šesták, Jaroslav (Verfasst von)
Format: Buch
Sprache:Tschechisch
Veröffentlicht: Praha : Academia, 1993
Tags: Tag hinzufügen
Keine Tags, Fügen Sie das erste Tag hinzu!

MARC

LEADER 00000nam a22000003a 4500
001 stu22348
005 20150617225751.1
008 940304s1993----cs------------------cze-d
020 |a 80-200-0148-4 
040 |a STU  |b slo 
041 0 |a cze 
044 |a cs 
080 |a 66.002.3 
100 1 |a Šesták, Jaroslav  |4 aut 
245 1 |a Speciální technologie a materiály /  |c [aut.]Šesták,Jaroslav a kol 
260 |a Praha :  |b Academia,  |c 1993 
300 |a 688 s :  |b Obr.,tab.,grafy,lit.,index 
996 |b C92639  |c C*92639  |l CCVI  |s P  |a 0  |w stu22348_0001 
996 |b C92823  |c C*92823  |l CCIII  |s P  |a 0  |w stu22348_0002 
996 |b C92824  |c C*92824  |l CCIII  |s P  |a 0  |w stu22348_0003